000 00709nam a2200205 i 4500
001 70701
003 ES-MaACL
005 20250907063048.0
007 t|
008 040802s1943 ag ||||1| spa d
100 1 _aGarma, Ángel,
_d1904-1993
_955572
245 1 0 _aSadismo y masoquismo en la conducta /
_cpor Angel Garma.
260 _aBuenos Aires :
_bAsociación Psicoanalítica Argentina,
_c1943 (
_fSebastián de Amorrortu)
300 _a208 p., 6 lám. ;
_c23 cm.
490 1 _aBiblioteca de psicoanálisis
710 2 _aAsociación Psicoanalítica Argentina.
_91789
830 0 _aBiblioteca de psicoanálisis
_9183688
852 _aES-MaACL
_jB-12212
_bR.22260
999 _c70701
_d70701